000 00697nam a22002057a 4500
005 20260701122920.0
020 _a0955321301
041 _aENG
082 _a658.404
_bIPM
100 _aIPMA (International project management association)
245 _aICB - IPMA :
_bcompetence Baseline Version 3.0 /
_cIPMA (International project management association), Gilles-Marie Caupin
250 _a3 rd edition .
260 _aNetherlands :
_bIPMA (International project management association) ,
_c2010 .
300 _axi, 200 pages :
_c23 cm.
504 _aIncludes index.
650 _aTechnical competencies
650 _aProject management
700 _aCaupin, Gilles-Marie
942 _2ddc
_cBK
999 _c24368
_d24368